| 000 -LEADER |
| fixed length control field |
00378nam a22001457a 4500 |
| 008 - FIXED-LENGTH DATA ELEMENTS--GENERAL INFORMATION |
| fixed length control field |
210308b ||||| |||| 00| 0 eng d |
| 020 ## - INTERNATIONAL STANDARD BOOK NUMBER |
| International Standard Book Number |
9780131519305 |
| 041 ## - LANGUAGE CODE |
| Language code of text/sound track or separate title |
eng |
| 080 ## - UNIVERSAL DECIMAL CLASSIFICATION NUMBER |
| Edition identifier |
third |
| Universal Decimal Classification number |
311 |
| 082 ## - DEWEY DECIMAL CLASSIFICATION NUMBER |
| Edition number |
311 |
| 100 ## - Rafti |
| Rafti |
55 |
| 101 ## - Shkurtesa |
| Shkurtesa |
STA |
| 245 ## - TITLE STATEMENT |
| Title |
STATISTICS for the BEHAVIORAL and SOCIAL SCIENCES |
| Statement of responsibility, etc |
Arthur Aron , Elaine N, Aron, Eliot Coups |
| 942 ## - ADDED ENTRY ELEMENTS (KOHA) |
| Source of classification or shelving scheme |
|
| Item type |
Books |